000 00254nam a2200097Ia 4500
001 725013
005 20250826163401.0
008 250824s9999 xx 000 0 und d
245 0 _aSPOR SALONUNDAKİ TUZAK
_cMAJA VON VOGEL
260 _bBEYAZ BALİNA YAYINLARI
999 _c725013
_d725013